Classical readings in Christian apologetics, A.D. 100-1800 /

Bibliographic Details
Other Authors: Bush, L. Russ, 1944-
Format: Book
Language:English
Published: Grand Rapids, Mich. : Academie Books, [1983]
Subjects:

MARC

Tag First Indicator Second Indicator Subfields
LEADER 00000pam a2200000 a 4500
001 in00000525907
005 20151013092304.0
008 830610s1983 miu b 00000 eng
010 |a  83012372  
020 |a 031045641X (pbk.) 
035 |a (OCoLC)09683764 
035 |9 ACG0048AM 
039 0 |a 2  |b 3  |c 3  |d 3  |e 3 
040 |a DLC  |c DLC  |d TXA  |d UtOrBLW 
049 |a TXAM 
050 0 0 |a BT1105  |b .C63 1983 
082 0 |a 239  |2 19 
245 0 0 |a Classical readings in Christian apologetics, A.D. 100-1800 /  |c [editor], L. Russ Bush. 
264 1 |a Grand Rapids, Mich. :  |b Academie Books,  |c [1983] 
264 4 |c ©1983 
300 |a xviii, 386 pages ;  |c 21 cm. 
336 |a text  |b txt  |2 rdacontent 
337 |a unmediated  |b n  |2 rdamedia 
338 |a volume  |b nc  |2 rdacarrier 
500 |a "A Zondervan publication"--P. [4] of cover. 
504 |a Bibliography: pages 375-386. 
650 0 |a Apologetics. 
700 1 |a Bush, L. Russ,  |d 1944- 
999 |a MARS 
999 f f |s 502c4c1e-3f4d-36dc-b9f3-9ef77e9b68c5  |i c9c8612c-10d8-3c3a-8b5a-44e9eb385b2c  |t 0 
952 f f |p ric  |a Texas A&M University  |b Rellis Campus  |c Joint Library Facility  |d Remote Storage  |t 0  |e BT1105 .C63 1983  |h Library of Congress classification  |i unmediated -- volume  |m A14815744098 
998 f f |a BT1105 .C63 1983  |t 0  |l Remote Storage